000 01090nam a2200229Ia 4500
003 Ost
005 20260507075624.0
008 260507s9999||||xx |||||||||||||| ||und||
020 _a9789947782576
040 _cfsecg
041 _aara
082 _a155.61
100 _aعيشوش، خيرة
_eمؤلف
245 0 _aالإبداع التنظيمي :
_bمدخل حديث للتبني والإستدامة /
_c خيرة عيشوش
260 _aالجزائر:
_bالنشر الجامعي الجديد,
_c2021
300 _a133 صفحة؛
_bإيضاحات ؛
_c24 سم
504 _aمراجع ص.135
520 _a الابداع مفهومه وخصائصه وأنواعه،بالاضافة الى المفاهيم وأساسيات الابداع التنظيمي، كالابداع التنظيمي مفهوم متعدد الأشكال والابداع الاستراتيجي والابداع التنظيمي الهيكلي. الاطار المفاهيمي للتبني والاستدامة.
653 _aالابداع
653 _aالتكنولوجيا
942 _cكتاب
999 _c45161
_d45161